Normal view
MARC view
- E. Carr, R. Evans
Entry Personal Name
001 - CONTROL NUMBER
- control field: 134419
003 - CONTROL NUMBER IDENTIFIER
- control field: NUST
005 - DATE AND TIME OF LATEST TRANSACTION
- control field: 20260512133832.0
008 - FIXED-LENGTH DATA ELEMENTS
- fixed length control field: 260512|| aca||aabn | a|a d
040 ## - CATALOGING SOURCE
- Original cataloging agency: NUST
- Transcribing agency: NUST
100 ## - HEADING--PERSONAL NAME
- Personal name: E. Carr, R. Evans
670 ## - SOURCE DATA FOUND
- Source citation: Work cat.: (NUST): E. Carr, R. Evans., What is History? /, 2002.
